An enquiry concerning the principles of natural knowledge / (Record no. 30849)
[ view plain ]
| 000 -LEADER | |
|---|---|
| fixed length control field | 00825cam a22002531 4500 |
| 001 - CONTROL NUMBER | |
| control field | 30849 |
| 003 - CONTROL NUMBER IDENTIFIER | |
| rucl marc code | BD-RjUL |
| 005 - DATE AND TIME OF LATEST TRANSACTION | |
| control field | 20211209051626.0 |
| 008 - FIXED-LENGTH DATA ELEMENTS--GENERAL INFORMATION | |
| fixed length control field | 140412s1955 1919 enka 000 0 eng |
| 035 ## - SYSTEM CONTROL NUMBER | |
| System control number | (BD-RjUL)30936 |
| 040 ## - CATALOGING SOURCE | |
| Original cataloging agency | DLC |
| Transcribing agency | GAT |
| Modifying agency | OCoLC |
| -- | BD-RjUL |
| Language of cataloging | eng |
| 041 ## - LANGUAGE CODE | |
| Language code of text/sound track or separate title | eng |
| 082 ## - DEWEY DECIMAL CLASSIFICATION NUMBER | |
| Classification number | 501 |
| Author mark and year | WHE 1955 |
| 100 1# - MAIN ENTRY--PERSONAL NAME | |
| Personal name | Whitehead, Alfred North, |
| Dates associated with a name | 1861-1947. |
| 9 (RLIN) | 3429 |
| 245 12 - TITLE STATEMENT | |
| Title | An enquiry concerning the principles of natural knowledge / |
| Statement of responsibility, etc. | by A.N. Whitehead ... |
| 260 ## - PUBLICATION, DISTRIBUTION, ETC. (IMPRINT) | |
| Place of publication, distribution, etc. | Cambridge : |
| Name of publisher, distributor, etc. | University Press, |
| Date of publication, distribution, etc. | 1919 [Reprinted 1955] |
| 300 ## - PHYSICAL DESCRIPTION | |
| Pagination | xiv, 207 p. |
| Illustrations | diagrs. |
| Size | 23 cm. |
| 650 #0 - SUBJECT ADDED ENTRY--TOPICAL TERM | |
| Topical term or geographic name as entry element | Science |
| General subdivision | Philosophy. |
| 9 (RLIN) | 93704 |
| Topical term or geographic name as entry element | Knowledge, Theory of. |
| 9 (RLIN) | 93705 |
| 942 ## - ADDED ENTRY ELEMENTS (KOHA) | |
| Source of classification or shelving scheme | Dewey Decimal Classification |
| Koha item type | Books |
| Lost status | Source of classification or shelving scheme | Damaged status | Not for loan | Collection code | Permanent Location | Current Location | Shelving location | Date acquired | Source of acquisition | Cost, normal purchase price | Total Checkouts | Full call number | Date last seen | Copy number | Koha item type |
|---|---|---|---|---|---|---|---|---|---|---|---|---|---|---|---|
| Dewey Decimal Classification | Non-fiction | Central Library, University of Rajshahi | Central Library, University of Rajshahi | 02/05/1960 | Zitlinger | 22.60 | 501 WHE 1955 | 12/04/2014 | C-3 | Books |